Регионална библиотека "Любен Каравелов" - Русе

ФБР (Запис номер 474866)

MARC детайли
000 -Лидер
Контролно поле с фиксирана дължина nam a22 a 4500
003 - Код на организацията, давaща контролен номер
Контролно поле BLK
005 - Дата и час на последна редакция
Контролно поле 20221004111006.0
008 - Елементи от данни с фиксирана дължина
fixed length control field 221004b bu |||||r|||| 00| | bu d
040 ## - Източник на каталожния запис
Идентификатор на билиотеката - собственик на записа BLK
041 ## - Код за език
Код за езика на текст/звукозапис или на отделно заглавие Български
Код за езика КДБФ Български
080 ## - УДК
Текстов определител УДК Вътрешни работи. Вътрешна политика
УДК код - определител по УДК 323
УДК определител (73)
УДК - код + определител 323(73)
100 ## - Редна дума - Автор
R(LIN) 1299
Автор Курпис, Витолд
Авторска отговорност първи автор
139 ## - Редно поле
Редна дума Курпис, Витолд
245 ## - Сведения за заглавието
Заглавие ФБР
Подзаглавни данни Полит. очерк
Редно поле (дума) Витолд Курпис ; прев. от пол. Христина Милушева
260 ## - Област на издателските данни
9 (RLIN) 215670
Място на издаване, разпространение и проч. София
Име на издателя, разпространителя и проч. Държ. воен. изд.
Година на издаване 1975
Информация за издателството ДВИ
300 ## - Физическа характеристика
Страници 127 с.
Размери/Мащаб 20 см
380 ## - Жанр
Жанр Обществени науки
650 #7 - Допълнително описание по предмет – тема
9 (RLIN) 175201
Основно описание – тема или топоним Федерално бюро за разследване (ФБР)
653 #7 - Ключова дума – ненормативна
9 (RLIN) 199223
Ключова дума ФБР
700 ## - Други автори (авторска отговорност)
9 (RLIN) 1113
Лично име Милушева, Христина
Автороска отговорност (Описва отношението между автора и произведението) прев. от пол.
852 ## - Местоположение
Форматна сигнатура Цб 77331
Фондова буква Хранилище
999 ## - СИСТЕМНИ КОНТРОЛНИ НОМЕРА
Koha biblionumber 474866
Koha biblioitemnumber 474866
942 ## - АРТИКУЛИ
Вид на библиотечния материал Книги
Скрит в OPAC Не
Периодичен библиозапис Да
944 ## - СЪЗДАВАНЕ И РЕДАКЦИЯ на ЗАПИСА
Създаване/Редакция Създаване
Дата на регистрацията/редакция 2022-10-04
Служител, извършил регистрацията/редакцията Христина Везирева
Наличности
Код за отписване Код за изгубен артикул Източник на класификационната схема Код за повреда Коз за рестрикции Код за отдаване Артикулен № Име на библиотеката - собственик Име на библиотеката, в която се намира в момента Статус (Текущо местоположение) Дата на вписване в системата Местоположение - отдел Цена в лева Инвентарен номер Систематично азбучна сигнатура Баркод Цена в евро Служебен тип на артикула
  Не е изгубен Universal Decimal Classification Не е повреден само за читалня ползва се в читалня 906736 Регионална библиотека "Любен Каравелов" Русе Регионална библиотека "Любен Каравелов" Русе Хранилище 2022-10-06 Хранилище 0.58 196087 Цб 77331 120000196087 0.30 Книги
Vip Innovations Ltd, Rousse, Bulgaria 2025